La antigua Grecia: una historia esencial

Gardado en:
Detalles Bibliográficos
Autor Principal: Rhodes, P. J (Author)
Formato: Libro
Idioma:Lingua castelá
Publicado: Barcelona, España Planeta S. A 2016
Series:Tiempo de Historia
Subjects:
Tags: Engadir etiqueta
Sen Etiquetas, Sexa o primeiro en etiquetar este rexistro!

MARC

LEADER 00000cam a2200000 a 4500
001 UCD6329
003 CL-VaPUC
005 20250107092232.0
008 161201e20160000sp |||||||||||||||||spa|d
999 |c 366684  |d 366682 
020 |a 9788498929669 
040 |c Pontificia Universidad Católica de Valparaíso 
082 0 4 |a 938 RHO 2016  |2 21 
100 0 |a Rhodes, P. J  |e author  |9 590132 
245 1 3 |a La antigua Grecia:  |b  una historia esencial 
260 |a Barcelona, España  |b Planeta S. A  |c 2016 
300 |a 260 páginas 
490 0 |a Tiempo de Historia 
583 |a last modification  |c 20161201 17:35:00  |k Rodrigo Vera 
650 0 |a Guerras púnicas  |9 318990 
651 |a Grecia  |x Historia   |y Guerra del Peloponeso, 431-404 a.c.  |9 895090 
651 |a Grecia  |x Historia  |y Hasta 404 a.c  |9 895091 
651 |a Grecia   |x Condiciones sociales  |9 895092  |y Hasta 404 a.c 
852 |a BIBCUR 
942 |c BK  |2 ddc 
945 |d 20161201 17:35:00  |a dcastane 
952 |0 0  |1 0  |2 ddc  |3 erd  |4 0  |6 938_000000000000000_RHO_2016  |7 0  |8 A  |9 481150  |a BIBHIS  |b BIBHIS  |i 5353874  |o 938 RHO 2016  |p 5353874  |r 2025-01-20  |t 1  |w 2019-11-24  |y BK  |z Catalogado en:20161201  |k HIS